000
00247nam a22001217a 4500
008
181030b xxu||||| |||| 00| 0 eng d
041
_a
eng
080
_a
611
100
_a
6
101
_a
ANA
245
_a
Gray's Anatomy
_c
Goss
942
_2
udc
_c
BK
999
_c
51198
_d
51198